Biblioteca

Luther and liberation (Registro nro. 64783)

Detalles MARC
000 -LÍDER
Campo fijo de descripción fija 01571cam a2200397 i 4500
001 - NÚMERO DE CONTROL
Campo de control 3907766
003 - IDENTIFICADOR DEL NÚMERO DE CONTROL
Campo de control CO-MdFUSB
005 - FECHA Y HORA DE LA ULTIMA TRANSACCIÓN
control field 20231123113344.0
008 - ELEMENTOS DE LONGITUD FIJA -- INFORMACIÓN GENERAL
Campo fijo de descripción fija -- Información general 911209s1992 mnu g b 001 0 eng
010 ## - NÚMERO DE CONTROL DE LA BIBLIOTECA DEL CONGRESO
Número de control LC 91044330
020 ## - NÚMERO INTERNACIONAL NORMALIZADO PARA LIBROS
Número Internacional Normalizado del libro 0800625331 (alk. paper) :
Términos de disponibilidad $10.95
040 ## - FUENTE DE CATALOGACIÓN
Agencia de catalogación original DLC
Agencia que realiza la transcripción CO-MdFUSB
Agencia que realiza la modificación DLC
Idioma de catalogación spa
Convenciones de la descripción rda
041 1# - CÓDIGO DE IDIOMA
Código de idioma para texto/pista de sonido o título separado eng
Código de idioma original spa
043 ## - GEOGRAPHIC AREA CODE
Geographic area code cl-----
082 00 - NÚMERO DE CLASIFICACIÓN DECIMAL DEWEY
Número de la edición del Dewey 24
Número de clasificación G 230.41
Clave de autor-Numero de item AL468l
100 1# - ASIENTO PRINCIPAL--NOMBRE PERSONAL
Nombre personal Altmann, Walter.
Término relacionador autor
240 10 - TITULO UNIFORME
Título uniforme <a href="Confrontación y liberación.">Confrontación y liberación.</a>
245 10 - TÍTULO
Título del Material Luther and liberation
Parte restante del título - Subtitulo : a Latin American perspective
Mención de responsabilidad, etc. / Walter Altmann ; traducido por Mary M. Solberg.
264 #1 - PRODUCCIÓN, PUBLICACIÓN, DISTRIBUCIÓN, MANUFACTURA, Y COPYRIGHT
Lugar de producción, publicación, distribución, manufactura Minneapolis :
Nombre del productor, publicador, distribuidor Fortress Press,
Fecha de producción, publicación, distribución, manufactura, o copyright [1992]
264 #4 - PRODUCCIÓN, PUBLICACIÓN, DISTRIBUCIÓN, MANUFACTURA, Y COPYRIGHT
Fecha de producción, publicación, distribución, manufactura, o copyright ©1992
300 ## - DESCRIPCIÓN FÍSICA
Extensión xi, 148 páginas ;
Dimensiones 22 cm.
336 ## - TIPO DE CONTENIDO
Fuente rdacontent
Término de tipo de contenido texto
Código de tipo de contenido txt
337 ## - TIPO DE MEDIO
Fuente rdamedia
Nombre del tipo de medio sin mediación
Código del tipo de medio n
338 ## - TIPO DE SOPORTE
Fuente rdacarrier
Nombre del tipo de soporte volumen
Código Tipo de soporte nc
500 ## - NOTA GENERAL
Nota General Confrontación y liberación.
501 ## - NOTA DE “CON”
Nota de Contenido Incluye índices (páginas 147- 148)
505 ## - NOTA DE CONTENIDO
Nota de contenido con formato preestablecido Lutero en la coyuntura de lo viejo y lo nuevo -- La cruz -- Conversión, liberación y justificación -- Escritura -- La iglesia -- Interpretando los dos reinos -- Lutero y los problemas -- El legado de Lutero
600 10 - ASIENTO SECUNDARIO DE MATERIA - NOMBRE PERSONAL
Nombre personal Luther, Martin,
Fechas asociadas con el nombre 1483-1546.
653 ## - TÉRMINO DE INDIZACIÓN - NO CONTROLADO
Término no controlado Cristianidad -- America Latina
906 ## - LOCAL DATA ELEMENT F, LDF (RLIN)
a 7
b cbc
c orignew
d 1
e ocip
f 19
g y-gencatlg
942 ## - TIPO DE MATERIAL (KOHA)
Tipo de Item KOHA Libros General
945 ## - INFORMACIÓN LOCAL DEL REGISTRO
Catalogador Diego1276
Existencias
Estado de Material Estado de Perdido Forma de Clasificación Estado de Dañado No para Préstamo Colección Biblioteca de Origen Biblioteca Permanente Fecha de Adquisición Total de Préstamos Signatura Topográfica Código de Barras Última vez visto Última vez Préstado Ejemplar/Existencia Fecha de Remplazo Tipo de Material
    Dewey Decimal Classification     Colección General Biblioteca FUSBC Biblioteca FUSBC 31/01/2019 1 G 230.41 AL468l 9908 02/10/2023 25/09/2023 Ej. 1 31/01/2019 Libros General

Biblioteca FUSBC | Teléfono: (57+4) 349 88 10 Ext. 141| WhatsApp (+57) 3005338115 
E-mail: biblioteca@unisbc.edu.co | Calle 76 87-14 Robledo Palenque, Medellín, Colombia

Con tecnología Koha